000 00506nam a2200181 4500
001 17367
005 20230411085950.0
008 060907n1997 dr spa
020 _a0719043638
035 _9funglode17503
041 _aEN
100 _aRoberts, Geoffrey K.
245 1 _aEuropean politics today /
_cGeoffrey K. Roberts, Patricia Hogwood
260 _aNew York :
_bManchester University Press,
_c1997
300 _axii, 394 p.
700 _aHogwood, Patricia
942 _2lcc
_cbk
999 _c110139
_d110139